| 000 | 01765cam a22004574i 4500 | ||
|---|---|---|---|
| 003 | PE-LiUPU | ||
| 005 | 20250731173030.0 | ||
| 008 | 150623s1997 gs rb 000 0 eng d | ||
| 020 | _a0865546096 | ||
| 035 | _a(Sirsi) i9780865546097 | ||
| 040 |
_aPE-LiUPU _bspa _cPE-LiUPU _erda |
||
| 049 | _aPRUA | ||
| 082 | 0 | 4 |
_a228.06 _bR88 _221 |
| 100 | 1 |
_aRoyalty, Roberto M., _eautor. |
|
| 245 | 1 | 4 |
_aThe streets of heaven : _bthe ideology of wealth in the apocalypse of John / _cRoberto M. Royalty. |
| 264 | 1 |
_aMacon, Georgia : _bMercer University Press, _c1997. |
|
| 300 |
_a292 páginas ; _c24 centímetros |
||
| 336 |
_atext _2rdacontent |
||
| 337 |
_aunmediated _2rdamedia |
||
| 338 |
_avolume _2rdacarrier |
||
| 504 | _aIncluye bibliografía. | ||
| 505 | 0 | _aWealth imagery in ancient Jewish literature -- Wealth motifs in graco-roman literature and culture -- Wealth and rhetoric in revelation -- The messages to Smyrna and Laodicea -- The destruction of Babylon -- The New Jerusalem. | |
| 526 | _aSEG42 | ||
| 526 | _aSEG41 | ||
| 526 | _aSEG40 | ||
| 526 | _aSEG39 | ||
| 526 | _aP94 | ||
| 526 | _aP87 | ||
| 526 | _aP86 | ||
| 526 | _aP85 | ||
| 526 | _aP77 | ||
| 526 | _aP76 | ||
| 526 | _aP35 | ||
| 630 |
_aBiblia. _pN.T. _pApocalipsis _xCrítica, interpretación, etc. |
||
| 942 |
_2ddc _cBOOK |
||
| 949 |
_a228.06 R88 _wDEWEY _c1 _i48098 _d2016-6-9 _e2016-6-6 _lCCODEBUL1 _mBUL _n1 _r0 _sY _tBOOK _u2015-6-24 _xTEOLOGIA _PP35 _0COMPRA _o.STAFF. Colección General |
||
| 994 |
_aC0 _bPEPRU |
||
| 596 | _a1 | ||
| 999 |
_a228.06 R88 _wDEWEY _c25074 _i48098 _d25074 _e2016-6-6 _f2021-11-9 _g5 _lCCODEBUL1 _mBUL _n1 _p14.00 _r0 _sY _tBOOK _u2015-6-24 _xTEOLOGIA _PP35 _0COMPRA _o.STAFF. Colección Teología |
||
| 980 |
_81 _gALBERTO SANCHEZ Responsable de Automatización |
||